Mezinárodní konference "60=[dvě na druhou].3.5?" : sborník příspěvků : Liberec, 11.-12. září 2001. 2. část /

Corporate Author: Technická univerzita v Liberci. Katedra fyziky
Other Authors: Příhonská, Jana, Vild, Jaroslav, 1941-2025, Mach, Jan, 1953-, Jednota českých matematiků a fyziků, Technická univerzita v Liberci. Katedra matematiky a didaktiky matematiky
Language: Multiple languages
Published: Liberec : Technická univerzita v Liberci, 2002
Edition: Vyd. 1.
Physical Description: 102 s. : il. ; 21 cm
Book
Saved in:
LEADER 01848nam a2200457 a 4500
001 000622773
003 CZ BrMZK
005 20080313121740.0
007 ta
008 020913s2002 xr f mul d
020 |a 80-7083-582-6 
035 |a (OCoLC)320190642 
040 |a BOA001  |b cze 
043 |a e-xr---  |b e-xr-li  |2 czenas 
072 7 |a 51  |x Matematika  |2 Konspekt  |9 13 
080 |a 378.6:62  |2 MRF 
080 |a 51  |2 MRF 
080 |a 371.3  |2 MRF 
080 |a (437.316)  |2 MRF 
080 |a (062.534)  |2 MRF 
245 0 0 |a Mezinárodní konference "60=[dvě na druhou].3.5?" :  |b sborník příspěvků : Liberec, 11.-12. září 2001.  |n 2. část /  |c [editoři: Jaroslav Vild, Jan Mach, Jana Příhonská] 
250 |a Vyd. 1. 
260 |a Liberec :  |b Technická univerzita v Liberci,  |c 2002 
300 |a 102 s. :  |b il. ;  |c 21 cm 
500 |a Text vícejazyčně 
504 |a Obsahuje bibliografie 
650 0 7 |a vysoké technické školy  |7 ph127286  |z Česko  |2 czenas 
650 0 7 |a matematika  |7 ph117231  |2 czenas 
650 0 7 |a studium a výuka  |7 ph136700  |2 czenas 
655 7 |a sborníky konferencí  |7 fd133333  |2 czenas 
610 2 7 |a Technická univerzita v Liberci.  |b Pedagogická fakulta  |7 kn20010709339  |2 czenas 
651 7 |a Liberec (Česko)  |7 ge128509  |2 czenas 
700 1 |a Příhonská, Jana  |7 mzk2006355995  |4 edt 
700 1 |a Vild, Jaroslav,  |d 1941-2025  |7 jk01142359  |4 edt 
700 1 |a Mach, Jan,  |d 1953-  |7 mzk2003201423  |4 edt 
710 2 |a Technická univerzita v Liberci.  |b Katedra fyziky  |7 kn20020321120 
710 2 |a Jednota českých matematiků a fyziků  |7 ko2002102385 
710 2 |a Technická univerzita v Liberci.  |b Katedra matematiky a didaktiky matematiky  |7 kn20010709108 
910 |a BOA001  |b 2-1106.779,2 
990 |a BK 
996 6 |b 2610169578  |c 2-1106.779,2  |l MZK  |r Sklad / do 1 hodiny  |n 0  |p p.v.  |w 000622773  |u 000010  |a 1  |e BOA001  |j MZK50  |s P